000 00699nam a2200301Ia 4500
008 190123s9999 xx 000 0 und d
020 _a9780590639040
050 _bP235 1997
100 _aPark, Barbara
245 0 _aHas a monster under her bed /
245 0 _cby Junie B. Jones.
260 _aNew York, New York :
260 _bScholastic,
260 _c1997
300 _a69 pages :
300 _bcolored illustrations ;
300 _c19cm.
440 _aJunie B. Jones ;
440 _v8
500 _a340L
650 _aBedtime.
650 _aFear.
650 _aKindergarten.
650 _aMonsters.
650 _aSchools.
700 _aSeries.
700 _aTitle.
999 _c361094
_d361094